| 000 | 00605nam a2200241Ia 4500 | ||
|---|---|---|---|
| 008 | 190123s9999 xx 000 0 und d | ||
| 020 | _a9780439784276 | ||
| 050 | _bM145 2002 | ||
| 100 | _aMcGhee, Alison | ||
| 245 | 0 | _aCountdown to kindergarten / | |
| 245 | 0 | _cby Alison McGhee ; pictures by Harry | |
| 260 | _aNew York, New York : | ||
| 260 | _bScholastic, | ||
| 260 | _c2002 | ||
| 300 | _aunpaged : | ||
| 300 | _bcolored illustrations ; | ||
| 300 | _c28cm. | ||
| 500 | _a490L | ||
| 650 | _aFirst day of school. | ||
| 650 | _aKindergarten. | ||
| 650 | _aSchools. | ||
| 700 | _aTitle. | ||
| 999 |
_c361069 _d361069 |
||